| Tag |
First Indicator |
Second Indicator |
Subfields |
| LEADER |
00000cam a2200000 4500 |
| 001 |
in00000030660 |
| 005 |
20151007062957.0 |
| 008 |
771024c19661951ctu b 00010 eng |
| 010 |
|
|
|a 66015387
|
| 035 |
|
|
|a (OCoLC)03365116
|
| 035 |
|
|
|9 AAD6242AM
|
| 040 |
|
|
|a OCP
|c OCP
|d OCL
|d TXA
|d UtOrBLW
|
| 049 |
|
|
|a TXAM
|c [461753]
|
| 050 |
|
0 |
|a PR4838.T7
|b F6 1966
|
| 092 |
|
|
|a 821
|b K25Yfor
|
| 100 |
1 |
|
|a Ford, Newell F.,
|d 1912-1989.
|
| 245 |
1 |
4 |
|a The prefigurative imagination of John Keats ;
|b a study of the beauty-truth identification and its implications /
|c by Newell F. Ford.
|
| 264 |
|
1 |
|a Hamden, Conn. :
|b Archon Books,
|c 1966
|
| 264 |
|
4 |
|c [©1951]
|
| 300 |
|
|
|a 168 pages ;
|c 23 cm.
|
| 336 |
|
|
|a text
|b txt
|2 rdacontent
|
| 337 |
|
|
|a unmediated
|b n
|2 rdamedia
|
| 338 |
|
|
|a volume
|b nc
|2 rdacarrier
|
| 504 |
|
|
|a Bibliographical footnotes.
|
| 600 |
1 |
0 |
|a Keats, John,
|d 1795-1821.
|
| 650 |
|
0 |
|a Truth.
|
| 999 |
|
|
|a MARS
|
| 999 |
f |
f |
|s 47c458c2-aff8-3a2a-9b1b-be055950da30
|i 48818d95-5489-3a11-944b-53dcb8ddda9d
|t 0
|
| 952 |
f |
f |
|p normal
|a Texas A&M University
|b College Station
|c Sterling C. Evans Library
|d Evans: Library Stacks
|t 0
|e PR4838.T7 F6 1966
|h Library of Congress classification
|i unmediated -- volume
|m A14808337961
|
| 998 |
f |
f |
|a PR4838.T7 F6 1966
|t 0
|l Evans: Library Stacks
|